Joueurs du Chelsea FC saison 2025-2026 - Mort subite - Statistiques

Statistiques générales
  • Ce quiz a été pris 171 fois
    148 depuis la dernière actualisation
  • Le résultat moyen est 11 sur 18
Answers on the Grid
Answers color-coded by a green-red scale on the quiz's grid according to % correct below.
Cole Palmer
Malo Gusto
Robert Sanchez
Ben Chilwell
Renato Veiga
Liam Delap
Joao Pedro
Noni Madueke
Enzo Fernandez
Joao Felix
Christopher Nkunku
Reece James
Filip Jorgensen
Moises Caicedo
Kieran Dewsbury-Hall
Jadon Sancho
Conor Gallagher
Trevoh Chalobah
Cesare Casadei
Romeo Lavia
Andrey Santos
Marc Guiu
Pedro Neto
Alejandro Garnacho
Nicolas Jackson
Facundo Buananotte
Marc Cucurella
Aaron Ansemilno
Estevao Willian
Armando Broja
 
Statistiques - réponses
Réponse % Correct
Cole Palmer
99%
Malo Gusto
97%
Robert Sanchez
78%
Enzo Fernandez
70%
Joao Pedro
69%
Liam Delap
64%
Reece James
63%
Moises Caicedo
61%
Alejandro Garnacho
54%
Marc Cucurella
54%
Pedro Neto
53%
Estevao Willian
49%
Trevoh Chalobah
49%
Andrey Santos
45%
Romeo Lavia
43%
Filip Jorgensen
39%
Marc Guiu
38%
Facundo Buananotte
31%
Aucun quiz correspondant
Distribution des résultats
% des personnes avec chaque résultat
Percentile par nombre de réponses
Votre historique - résultats
Vous n’avez pas pris ce quiz depuis la dernière actualisation